Primer diccionario general etimológico de la lengua española / por Roque Barcia
Descripción Física:
[5] v. : il. ; 31 cm
Materias:
Castellà -- Etimologia -- Diccionaris
MARC
| LEADER | 00000nam a2200000Ia 4500 | ||
|---|---|---|---|
| 001 | 995, 996, 997 | ||
| 008 | 160829s9999 xx 000 0 cat d | ||
| 080 | |a FOL-2-44, FOL-2-45, FOL-2-46 | ||
| 100 | |a Barcia, Roque |9 38435 | ||
| 245 | |a Primer diccionario general etimológico de la lengua española / por Roque Barcia | ||
| 260 | |a Barcelona : |b Seix, [1880] - [1883] | ||
| 300 | |a [5] v. : |b il. ; |c 31 cm | ||
| 590 | |a Conté: v. 2: D-HY; v. 3: I-OZON; v. 4: P-SZOP | ||
| 650 | |a Castellà |x Etimologia |x Diccionaris |9 38436 | ||
| 901 | |a Arxiu | ||
| 942 | |n 1 | ||
| 952 | |0 0 |1 0 |4 0 |6 FOL244_FOL245_FOL246 |7 1 |9 48418 |a Arxiu |b Arxiu |d 2016-12-01 |l 0 |o FOL-2-44, FOL-2-45, FOL-2-46 |p 995, 996, 997 |r 2016-12-01 00:00:00 |w 2016-12-01 |y ARXIU | ||
| 999 | |c 52246 |d 52246 | ||